<?xml version="1.0" encoding="UTF-8"?>
<record
    xmlns:xsi="http://www.w3.org/2001/XMLSchema-instance"
    xsi:schemaLocation="http://www.loc.gov/MARC21/slim http://www.loc.gov/standards/marcxml/schema/MARC21slim.xsd"
    xmlns="http://www.loc.gov/MARC21/slim">

  <leader>02110nam a22003257i 4500</leader>
  <datafield tag="999" ind1=" " ind2=" ">
    <subfield code="c">22945</subfield>
    <subfield code="d">22945</subfield>
  </datafield>
  <controlfield tag="003">AR-CdUCM</controlfield>
  <controlfield tag="008">240730b20242024 pe||||| |||| 00| 0 spa d</controlfield>
  <datafield tag="020" ind1=" " ind2=" ">
    <subfield code="a">978-612-326-284-6</subfield>
  </datafield>
  <datafield tag="040" ind1=" " ind2=" ">
    <subfield code="a">MUNICIPALIDAD PROVINCIAL DEL CUSCO</subfield>
    <subfield code="c">BIBLIOTECA MUNICIPAL DEL CUSCO</subfield>
  </datafield>
  <datafield tag="082" ind1=" " ind2=" ">
    <subfield code="a">362.10985 / R78V</subfield>
    <subfield code="b">R78V</subfield>
  </datafield>
  <datafield tag="100" ind1=" " ind2=" ">
    <subfield code="a">Rojas Bol&#xED;var, Daniel.</subfield>
  </datafield>
  <datafield tag="245" ind1=" " ind2=" ">
    <subfield code="a">Voces desde la primera l&#xED;nea : </subfield>
    <subfield code="b">Testimonios de los profesionales de la salud durante el primer a&#xF1;o de la pandemia en el Per&#xFA; /</subfield>
  </datafield>
  <datafield tag="260" ind1=" " ind2=" ">
    <subfield code="a">Lima :</subfield>
    <subfield code="b">Instituto de Estudios Peruanos,</subfield>
    <subfield code="b">IEP, </subfield>
    <subfield code="c">2024</subfield>
  </datafield>
  <datafield tag="300" ind1=" " ind2=" ">
    <subfield code="a">299 p&#xE1;ginas. :</subfield>
    <subfield code="c">21 cm</subfield>
  </datafield>
  <datafield tag="500" ind1=" " ind2=" ">
    <subfield code="z">Bibliograf&#xED;a: p&#xE1;ginas 277-299</subfield>
  </datafield>
  <datafield tag="505" ind1=" " ind2=" ">
    <subfield code="a">Los escenarios -- &#x201C;A diario esto va cambiando&#x201D;. Un sistema de salud en crisis -- &#x201C;Ha copado todo el sistema, destrozado el hospital&#x201D;. Entre la adecuaci&#xF3;n, la falta de recursos y las malas decisiones -- Experiencias en las villas de atenci&#xF3;n y aislamiento de EsSalud -- &#x201C;T&#xE9;ngalo en stock, porsiaca&#x201D;. Los cuerpos como un territorio de disputa -- &#x201C;Hasta treinta mil millones, dicen&#x201D;. Captura del Estado y corrupci&#xF3;n -- Los retos para actuar como un sistema nacional de salud y los grados de discrecionalidad --  Las personas -- &#x201C;Con todos los riesgos, nos mandaron a trabajar&#x201D;. Trabajadores precarios y vulnerables -- &#x201C;Me dieron seis mascarillas&#x201D;. Bioseguridad precarizada -- Exigencias y malos tratos al personal de salud -- &#xBF;&#x201C;Estado de excepci&#xF3;n&#x201D;? -- Las decisiones -- &#x201C;&#xBF;Qu&#xE9; se sentir&#xE1; verlo morir?&#x201D;. La educaci&#xF3;n m&#xE9;dica sobre el final de la vida -- &#x201C;A veces tomamos una opci&#xF3;n&#x201D;. La muerte de pacientes durante la primera ola de la pandemia.</subfield>
  </datafield>
  <datafield tag="650" ind1=" " ind2=" ">
    <subfield code="a">COVID-19</subfield>
    <subfield code="9">50072</subfield>
  </datafield>
  <datafield tag="650" ind1=" " ind2=" ">
    <subfield code="a">Salud P&#xFA;blica</subfield>
    <subfield code="9">6404</subfield>
  </datafield>
  <datafield tag="650" ind1=" " ind2=" ">
    <subfield code="a">Testimonios</subfield>
    <subfield code="9">50073</subfield>
  </datafield>
  <datafield tag="650" ind1=" " ind2=" ">
    <subfield code="a">Crisis Sanitaria</subfield>
    <subfield code="9">50074</subfield>
  </datafield>
  <datafield tag="650" ind1=" " ind2=" ">
    <subfield code="a">Pandemia</subfield>
    <subfield code="9">50075</subfield>
  </datafield>
  <datafield tag="650" ind1=" " ind2=" ">
    <subfield code="a">Pol&#xED;ticas P&#xFA;blicas</subfield>
    <subfield code="9">6684</subfield>
  </datafield>
  <datafield tag="650" ind1=" " ind2=" ">
    <subfield code="a">Rol del Estado</subfield>
    <subfield code="9">50076</subfield>
  </datafield>
  <datafield tag="650" ind1=" " ind2=" ">
    <subfield code="a">Condiciones Sociales</subfield>
    <subfield code="9">50077</subfield>
  </datafield>
  <datafield tag="650" ind1=" " ind2=" ">
    <subfield code="a">Per&#xFA;</subfield>
    <subfield code="9">50078</subfield>
  </datafield>
  <datafield tag="700" ind1=" " ind2=" ">
    <subfield code="a">Yon Leau, Carmen. [autor]</subfield>
    <subfield code="9">50080</subfield>
  </datafield>
  <datafield tag="856" ind1=" " ind2=" ">
    <subfield code="f">www.iep.org.pe</subfield>
  </datafield>
  <datafield tag="942" ind1=" " ind2=" ">
    <subfield code="2">ddc</subfield>
    <subfield code="c">LIBROS</subfield>
  </datafield>
  <datafield tag="945" ind1=" " ind2=" ">
    <subfield code="a">pbj</subfield>
    <subfield code="d">2024/07/30</subfield>
  </datafield>
  <datafield tag="952" ind1=" " ind2=" ">
    <subfield code="0">0</subfield>
    <subfield code="2">ddc</subfield>
    <subfield code="4">0</subfield>
    <subfield code="7">0</subfield>
    <subfield code="a">SH</subfield>
    <subfield code="b">SH</subfield>
    <subfield code="c">CART</subfield>
    <subfield code="d">2024-07-30</subfield>
    <subfield code="e">Donaci&#xF3;n</subfield>
    <subfield code="g">10.00</subfield>
    <subfield code="o">362.10985 / R78V</subfield>
    <subfield code="p">SH0000016776</subfield>
    <subfield code="r">2024-07-30</subfield>
    <subfield code="y">LIBROS</subfield>
  </datafield>
</record>
